[Event "BL2-Nord 2223"]
[Site "Germany"]
[Date "2022.10.23"]
[Round "2.3"]
[White "Petrosian, Suren"]
[Black "Van Delft, Merijn"]
[Result "1/2-1/2"]
[WhiteElo "2352"]
[BlackElo "2363"]
[PlyCount "39"]
[EventDate "2022.10.22"]
[EventType "team-tourn"]
[EventRounds "10"]
[EventCountry "GER"]
[SourceTitle "EXT 2024"]
[Source "ChessBase"]
[SourceDate "2023.10.10"]
[SourceVersion "1"]
[SourceVersionDate "2023.10.10"]
[SourceQuality "1"]
[WhiteTeam "Norderstedt"]
[BlackTeam "Hamburger SK II"]
[WhiteTeamCountry "GER"]
[BlackTeamCountry "GER"]

1. c4 Nf6 2. Nc3 g6 3. e4 d6 4. d4 Bg7 5. Be2 0-0 6. Bg5 c5 7. d5 h6 8. Bf4 e6 9. dxe6 Bxe6 10. Bxd6 Re8 11. e5 Ng4 12. Bxg4 Bxg4 13. Nge2 Nc6 14. f4 f6 15. Qd5+ Kh7 16. 0-0 fxe5 17. fxe5 Nxe5 18. Rad1 Qc8 19. b3 b6 20. h3 1/2-1/2

[Event "BL2-Nord 2223"]
[Site "Germany"]
[Date "2022.10.22"]
[Round "1.3"]
[White "Feuerstack, Aljoscha"]
[Black "Petrosian, Suren"]
[Result "1-0"]
[WhiteElo "2464"]
[BlackElo "2352"]
[PlyCount "167"]
[EventDate "2022.10.22"]
[EventType "team-tourn"]
[EventRounds "10"]
[EventCountry "GER"]
[SourceTitle "EXT 2024"]
[Source "ChessBase"]
[SourceDate "2023.10.10"]
[SourceVersion "1"]
[SourceVersionDate "2023.10.10"]
[SourceQuality "1"]
[WhiteTeam "St Pauli"]
[BlackTeam "Norderstedt"]
[WhiteTeamCountry "GER"]
[BlackTeamCountry "GER"]

1. d4 Nf6 2. c4 g6 3. g3 c5 4. dxc5 Na6 5. Nc3 Bg7 6. Bg2 0-0 7. Nh3 Nxc5 8. 0-0 d6 9. Nf4 a5 10. Be3 a4 11. Bxc5 dxc5 12. Qxd8 Rxd8 13. Rad1 Be6 14. Bxb7 Rxd1 15. Rxd1 Rb8 16. Nxe6 fxe6 17. Bf3 Rb4 18. a3 Rxc4 19. e3 Kf7 20. Kf1 Ne8 21. Rc1 Nd6 22. Be2 Bxc3 23. bxc3 Re4 24. Bd3 Re5 25. c4 Rh5 26. Kg2 e5 27. Bc2 Ke6 28. Bxa4 Rf5 29. Bc6 Rf8 30. a4 Rc8 31. Bd5+ Kd7 32. a5 e6 33. Bf3 e4 34. Be2 Kc7 35. Ra1 Rb8 36. g4 g5 37. h4 Rb2 38. a6 Kb8 39. a7+ Ka8 40. Bf1 gxh4 41. Ra6 Rd2 42. Rc6 Rd1 43. Be2 Rd2 44. Bf1 Rd1 45. g5 Nf5 46. Rc8+ Kxa7 47. Rc7+ Kb6 48. Rxh7 Rd2 49. g6 Rd8 50. Rf7 Kc6 51. Kh3 Kd6 52. Bg2 Ke5 53. Rc7 Kf6 54. Bxe4 Kxg6 55. Rxc5 Rd2 56. f4 Re2 57. Bxf5+ exf5 58. Re5 Rc2 59. c5 Kf6 60. Kxh4 Rg2 61. Re8 Kf7 62. Re5 Kf6 63. Re8 Kf7 64. Rc8 Ke7 65. c6 Kd6 66. c7 Kd7 67. Rf8 Kxc7 68. Rxf5 Kd6 69. Re5 Rg1 70. Kh5 Rg3 71. e4 Rg1 72. Ra5 Ke6 73. Ra6+ Kf7 74. Ra7+ Kf6 75. Ra6+ Kf7 76. Kh4 Re1 77. Ra4 Rg1 78. Rb4 Kf6 79. Rb6+ Kf7 80. e5 Ke7 81. f5 Rh1+ 82. Kg5 Rg1+ 83. Kh6 Re1 84. Kg7 1-0

[Event "Oberliga Nord N 1920"]
[Site "Germany"]
[Date "2019.09.29"]
[Round "1.4"]
[White "Dettmann, Steffen"]
[Black "Petrosian, Suren"]
[Result "0-1"]
[WhiteElo "2202"]
[BlackElo "2363"]
[PlyCount "80"]
[EventDate "2019.09.29"]
[EventType "team-tourn"]
[EventRounds "9"]
[EventCountry "GER"]
[SourceTitle "CBM 195 Extra"]
[Source "ChessBase"]
[SourceDate "2020.05.31"]
[SourceVersion "1"]
[SourceVersionDate "2020.05.31"]
[SourceQuality "1"]

1. e4 c5 2. Nf3 Nc6 3. Be2 g6 4. c3 Nf6 5. d3 Bg7 6. 0-0 0-0 7. h3 d5 8. Qc2 Qc7 9. Bg5 Rd8 10. Nbd2 h6 11. Be3 b6 12. Rfe1 Nh5 13. exd5 Rxd5 14. Nh2 Ba6 15. Nc4 Rad8 16. Rad1 Nf4 17. Bxf4 Qxf4 18. Bf3 Bxc4 19. dxc4 Rxd1 20. Rxd1 Rxd1+ 21. Qxd1 Ne5 22. Be2 Nxc4 23. Qa4 Qc1+ 24. Nf1 Nxb2 25. Qxa7 Bxc3 26. Qxb6 Bd4 27. Qa5 Qf4 28. Qa8+ Kg7 29. Qf3 Qxf3 30. Bxf3 f5 31. Nd2 c4 32. Nb1 c3 33. Na3 Nd3 34. Nc2 Bxf2+ 35. Kf1 Bc5 36. Ke2 Nc1+ 37. Kd1 Nxa2 38. Bd5 Nb4 39. Nxb4 Bxb4 40. Bb3 e5 0-1

[Event "BL2-Nord 1617"]
[Site "Germany"]
[Date "2016.11.19"]
[Round "4.5"]
[White "Brodowski, Piotr"]
[Black "Petrosian, Suren"]
[Result "1/2-1/2"]
[WhiteElo "2440"]
[BlackElo "2369"]
[PlyCount "75"]
[EventDate "2016.10.16"]
[EventType "team-tourn"]
[EventRounds "9"]
[EventCountry "GER"]
[SourceTitle "EXT 2018"]
[Source "ChessBase"]
[SourceDate "2017.10.13"]
[SourceVersion "1"]
[SourceVersionDate "2017.10.13"]
[SourceQuality "1"]
[WhiteTeam "Zehlendorf"]
[BlackTeam "Norderstedt"]
[WhiteTeamCountry "GER"]
[BlackTeamCountry "GER"]

1. c4 g6 2. Nc3 d6 3. g3 h5 4. h4 Bg7 5. Bg2 e5 6. Nf3 Nc6 7. 0-0 Bg4 8. Ng5 f6 9. Nge4 Nge7 10. Rb1 Qd7 11. Nd5 Nxd5 12. cxd5 Nd4 13. Re1 g5 14. hxg5 f5 15. Nc3 h4 16. f3 hxg3 17. fxg4 0-0-0 18. e3 e4 19. gxf5 Qxf5 20. Nxe4 Rh2 21. Nxg3 Rxg2+ 22. Kxg2 Qxd5+ 23. e4 Qxa2 24. Qg4+ Kb8 25. Nf5 Qxb1 26. Nxg7 Qd3 27. Nf5 Nb3 28. Qf4 Qc2 29. Ne3 Qc6 30. Nd5 Nxc1 31. Re3 Qc2 32. Rc3 Qd1 33. Rxc7 Nd3 34. Qf6 Qg4+ 35. Kf1 Qd1+ 36. Kg2 Qg4+ 37. Kf1 Qd1+ 38. Kg2 1/2-1/2

[Event "Bundesliga 1516"]
[Site "Germany"]
[Date "2015.09.19"]
[Round "1.2"]
[White "Fridman, Daniel"]
[Black "Petrosian, Suren"]
[Result "1-0"]
[WhiteElo "2642"]
[BlackElo "2369"]
[PlyCount "41"]
[EventDate "2015.09.18"]
[EventType "team-tourn"]
[EventRounds "15"]
[EventCountry "GER"]
[SourceTitle "EXT 2016"]
[Source "ChessBase"]
[SourceDate "2015.10.08"]
[SourceVersion "1"]
[SourceVersionDate "2015.10.08"]
[SourceQuality "1"]
[WhiteTeam "Muelheim Nord"]
[BlackTeam "Norderstedt"]
[WhiteTeamCountry "GER"]
[BlackTeamCountry "GER"]

1. d4 Nf6 2. Nf3 d6 3. g3 Bg4 4. Bg2 Qc8 5. h3 Bd7 6. c4 g6 7. Nc3 Bg7 8. e4 0-0 9. Bg5 h6 10. Be3 Nc6 11. d5 Na5 12. b3 b5 13. cxb5 a6 14. b6 cxb6 15. Rc1 Qb8 16. Qd2 Rc8 17. 0-0 Ra7 18. Bxh6 Rxc3 19. Bxg7 Rxc1 20. Qh6 Rxf1+ 21. Bxf1 1-0

[Event "BL2-Nord 1415"]
[Site "Germany"]
[Date "2015.03.15"]
[Round "8.3"]
[White "Seres, Lajos"]
[Black "Petrosian, Suren"]
[Result "1/2-1/2"]
[WhiteElo "2408"]
[BlackElo "2377"]
[PlyCount "44"]
[EventDate "2014.09.21"]
[EventType "team-tourn"]
[EventRounds "9"]
[EventCountry "GER"]
[SourceTitle "CBM 166 Extra"]
[Source "ChessBase"]
[SourceDate "2015.06.18"]
[SourceVersion "1"]
[SourceVersionDate "2015.06.18"]
[SourceQuality "1"]
[WhiteTeam "Schwerin"]
[BlackTeam "Norderstedt"]
[WhiteTeamCountry "GER"]
[BlackTeamCountry "GER"]

1. d4 Nf6 2. c4 c5 3. d5 b5 4. cxb5 a6 5. bxa6 g6 6. Nc3 Bxa6 7. e4 Bxf1 8. Kxf1 d6 9. Nf3 Bg7 10. h3 0-0 11. Kg1 Qa5 12. Kh2 Nbd7 13. Re1 Nb6 14. Qd3 Nfd7 15. Bd2 Qa6 16. Qc2 Nc4 17. Bg5 Rfb8 18. b3 Na3 19. Qd2 Nb5 20. Nxb5 Rxb5 21. Rab1 Qxa2 22. Bxe7 Be5+ 1/2-1/2

[Event "Lille Luce op 5th"]
[Site "Lille"]
[Date "2014.05.03"]
[Round "8"]
[White "Petrosian, Suren"]
[Black "Laine, Panu"]
[Result "1-0"]
[WhiteElo "2374"]
[BlackElo "2177"]
[PlyCount "59"]
[EventDate "2014.04.28"]
[EventType "swiss"]
[EventRounds "9"]
[EventCountry "FRA"]
[SourceTitle "CBM 160 Extra"]
[Source "ChessBase"]
[SourceDate "2014.07.01"]
[SourceVersion "1"]
[SourceVersionDate "2014.07.01"]
[SourceQuality "1"]

1. c4 e6 2. Nf3 Nf6 3. g3 d5 4. Bg2 Be7 5. 0-0 0-0 6. cxd5 exd5 7. d4 b6 8. Nc3 Bb7 9. Bf4 Nh5 10. Rc1 Nxf4 11. gxf4 Nd7 12. Ne5 c6 13. Qa4 b5 14. Qc2 Nb6 15. Nb1 Rc8 16. Nd3 Rc7 17. Nd2 Re8 18. Nf3 Bd6 19. e3 Qf6 20. b3 Qh6 21. Kh1 Bc8 22. Rg1 Kh8 23. Nde5 Rf8 24. Qd3 f6 25. Nxc6 Bg4 26. Qxb5 Rfc8 27. Nxa7 Rxc1 28. Nxc8 Rxc8 29. Qxb6 Qh5 30. Ne1 1-0

[Event "Bundesliga 1213"]
[Site "Germany"]
[Date "2013.03.16"]
[Round "11.3"]
[White "Baramidze, David"]
[Black "Petrosian, Suren"]
[Result "1-0"]
[WhiteElo "2615"]
[BlackElo "2384"]
[PlyCount "79"]
[EventDate "2012.10.20"]
[EventType "team-tourn"]
[EventRounds "15"]
[EventCountry "GER"]
[SourceTitle "CBM 154"]
[Source "ChessBase"]
[SourceDate "2013.05.15"]
[SourceVersion "1"]
[SourceVersionDate "2013.05.15"]
[SourceQuality "1"]
[WhiteTeam "Hockenheim"]
[BlackTeam "Norderstedt"]
[WhiteTeamCountry "GER"]
[BlackTeamCountry "GER"]

1. d4 Nf6 2. c4 c5 3. d5 b5 4. cxb5 a6 5. bxa6 g6 6. Nc3 Bxa6 7. Nf3 d6 8. e4 Bxf1 9. Kxf1 Bg7 10. g3 0-0 11. Kg2 Nbd7 12. a4 Qb6 13. Qe2 Ne8 14. Bg5 Nc7 15. a5 Qa6 16. Bxe7 Rfb8 17. Qd2 f6 18. Qf4 Ne8 19. Qg4 Qc8 20. Qe6+ Kh8 21. h4 h5 22. e5 dxe5 23. Qf7 Kh7 24. Ne4 Ra6 25. Rac1 Rxb2 26. Bxc5 Nxc5 27. Nxc5 Nd6 28. Nxa6 Qg4 29. Qc7 Ne4 30. Rc2 Rb3 31. Nh2 Rxg3+ 32. fxg3 Qxg3+ 33. Kf1 Qh3+ 34. Ke1 Qxh4+ 35. Kd1 Ng3 36. Qc4 e4 37. Rg1 Nf5 38. Re2 Bh6 39. Qxe4 Qh3 40. Nf3 1-0

[Event "Bundesliga 1213"]
[Site "Germany"]
[Date "2013.02.23"]
[Round "9"]
[White "Schneider, Ilja"]
[Black "Petrosian, Suren"]
[Result "1-0"]
[WhiteElo "2489"]
[BlackElo "2384"]
[PlyCount "71"]
[EventDate "2012.10.20"]
[EventType "team-tourn"]
[EventRounds "15"]
[EventCountry "GER"]
[SourceTitle "CBM 153"]
[Source "ChessBase"]
[SourceDate "2013.03.14"]
[SourceVersion "1"]
[SourceVersionDate "2013.03.14"]
[SourceQuality "1"]
[WhiteTeam "Berlin SF"]
[BlackTeam "Norderstedt"]
[WhiteTeamCountry "GER"]
[BlackTeamCountry "GER"]

1. d4 g6 2. e4 Bg7 3. Nf3 d6 4. Nc3 Nf6 5. Be2 0-0 6. 0-0 Nc6 7. Be3 e5 8. dxe5 dxe5 9. Qxd8 Rxd8 10. Rad1 Bg4 11. Rxd8+ Rxd8 12. Rd1 Rxd1+ 13. Bxd1 Nd4 14. Nxd4 exd4 15. Bxd4 Bxd1 16. Nxd1 Nxe4 17. Bxa7 b6 18. a4 Kf8 19. b4 Nc3 20. a5 Nxd1 21. Bxb6 cxb6 22. a6 b5 23. a7 Nc3 24. a8Q+ Ke7 25. Qg8 Bf6 26. Qxh7 Nd5 27. Qh3 Nc3 28. Qd3 Kf8 29. Kf1 Kg7 30. Ke1 Kg8 31. Kd2 Nb1+ 32. Kc1 Nc3 33. Kb2 Ne2+ 34. c3 Nxc3 35. Qxc3 Kg7 36. Kb3 1-0

[Event "Bundesliga 1213"]
[Site "Germany"]
[Date "2012.10.20"]
[Round "1.4"]
[White "Petrosian, Suren"]
[Black "Lupulescu, Constantin"]
[Result "1/2-1/2"]
[WhiteElo "2384"]
[BlackElo "2613"]
[PlyCount "46"]
[EventDate "2012.10.20"]
[EventType "team-tourn"]
[EventRounds "15"]
[EventCountry "GER"]
[SourceTitle "CBM 151"]
[Source "ChessBase"]
[SourceDate "2012.11.13"]
[SourceVersion "1"]
[SourceVersionDate "2012.11.13"]
[SourceQuality "1"]
[WhiteTeam "Norderstedt"]
[BlackTeam "Trier"]
[WhiteTeamCountry "GER"]
[BlackTeamCountry "GER"]

1. e4 c6 2. d4 d5 3. exd5 cxd5 4. Bd3 Nc6 5. c3 Qc7 6. Ne2 Bg4 7. Qb3 Bxe2 8. Bxe2 e6 9. Na3 Rc8 10. 0-0 a6 11. f4 Bd6 12. Qd1 Bxa3 13. bxa3 Nge7 14. Bd3 0-0 15. Rf3 Na5 16. a4 Qd6 17. Rb1 f5 18. Qe1 Ng6 19. Rb2 Rf6 20. Re2 Nc4 21. h3 Rc6 22. g4 Nf8 23. Rg3 Rc7 1/2-1/2

[Event "BL2-Nord 1112"]
[Site "Germany"]
[Date "2012.03.18"]
[Round "8.3"]
[White "Petrosian, Suren"]
[Black "Bracker, Frank"]
[Result "1-0"]
[WhiteElo "2381"]
[BlackElo "2339"]
[PlyCount "77"]
[EventDate "2011.10.02"]
[EventType "team-tourn"]
[EventRounds "9"]
[EventCountry "GER"]
[SourceTitle "EXT 2015"]
[Source "ChessBase"]
[SourceDate "2014.11.20"]
[SourceVersion "1"]
[SourceVersionDate "2014.11.20"]
[SourceQuality "1"]
[WhiteTeam "Norderstedt"]
[BlackTeam "Hamburger SK II"]
[WhiteTeamCountry "GER"]
[BlackTeamCountry "GER"]

1. c4 c5 2. Nc3 Nc6 3. g3 g6 4. Bg2 Bg7 5. e3 Nh6 6. Nge2 Nf5 7. 0-0 0-0 8. a3 b6 9. b4 Bb7 10. Qa4 Qc8 11. bxc5 bxc5 12. Rb1 Nd8 13. Ne4 Bc6 14. Qc2 Ne6 15. N2c3 d6 16. Nd5 Bxd5 17. cxd5 Nc7 18. Bb2 Bxb2 19. Rxb2 Qa6 20. Rfb1 Rac8 21. Bf1 Qa5 22. Qc3 Qa4 23. Bc4 a6 24. Qb3 Qxb3 25. Rxb3 Kg7 26. Rb6 Rfd8 27. Nc3 e6 28. dxe6 fxe6 29. Bxa6 Ra8 30. Rb7 Rd7 31. Bd3 Rf7 32. a4 d5 33. R1b6 d4 34. Ne4 c4 35. Ng5 cxd3 36. Nxf7 dxe3 37. Rxc7 exd2 38. Rb1 Nd4 39. Ng5+ 1-0

[Event "Hamburg St Pauli op-A"]
[Site "Hamburg"]
[Date "2011.07.12"]
[Round "5"]
[White "Petrosian, Suren"]
[Black "Rieling, Thomas"]
[Result "1-0"]
[WhiteElo "2381"]
[BlackElo "2133"]
[PlyCount "31"]
[EventDate "2011.07.09"]
[EventType "swiss"]
[EventRounds "9"]
[EventCountry "GER"]
[SourceTitle "CBM 143 Extra"]
[Source "ChessBase"]
[SourceDate "2011.08.29"]
[SourceVersion "1"]
[SourceVersionDate "2011.08.29"]
[SourceQuality "1"]

1. g3 e5 2. c4 Nc6 3. Bg2 g6 4. Nc3 Bg7 5. e3 d6 6. Nge2 f5 7. d4 Nf6 8. b4 0-0 9. b5 Ne7 10. dxe5 dxe5 11. Qb3 c5 12. bxc6 bxc6 13. Ba3 Bd7 14. Rb1 Re8 15. 0-0 Rb8 16. Qxb8 1-0

[Event "Hamburg St Pauli op-A"]
[Site "Hamburg"]
[Date "2011.07.11"]
[Round "4"]
[White "Hebbinghaus, Holger"]
[Black "Petrosian, Suren"]
[Result "1-0"]
[WhiteElo "2189"]
[BlackElo "2381"]
[PlyCount "105"]
[EventDate "2011.07.09"]
[EventType "swiss"]
[EventRounds "9"]
[EventCountry "GER"]
[SourceTitle "CBM 143 Extra"]
[Source "ChessBase"]
[SourceDate "2011.08.29"]
[SourceVersion "1"]
[SourceVersionDate "2011.08.29"]
[SourceQuality "1"]

1. d4 c5 2. d5 g6 3. e4 Bg7 4. Nf3 d6 5. Nc3 Nf6 6. Bb5+ Bd7 7. a4 0-0 8. 0-0 Na6 9. Re1 Nc7 10. Bc4 Bg4 11. h3 Bxf3 12. Qxf3 Nd7 13. Qg3 a6 14. Bd2 Rb8 15. a5 b5 16. axb6 Nxb6 17. Bxa6 Nxa6 18. Rxa6 Nc4 19. Bc1 Nxb2 20. f4 Bd4+ 21. Kh1 Qd7 22. Ne2 Bg7 23. Bd2 Ra8 24. Rxa8 Rxa8 25. Qb3 Qa4 26. Qb7 Qa7 27. Qxa7 Rxa7 28. Rb1 h5 29. Bc3 Bxc3 30. Nxc3 Nc4 31. e5 Ra3 32. exd6 Nxd6 33. Rb3 Ra1+ 34. Rb1 Rxb1+ 35. Nxb1 Ne4 36. Kg1 Kg7 37. Kf1 Kf6 38. Ke2 Kf5 39. Kf3 h4 40. c4 f6 41. Ke3 g5 42. fxg5 fxg5 43. Kf3 Ke5 44. Ke3 Nd6 45. Nd2 Nf5+ 46. Kd3 Kf4 47. Ne4 Ne3 48. Nxc5 Nxg2 49. Ne6+ Kg3 50. Nxg5 Nf4+ 51. Ke4 Nxh3 52. Nxh3 Kxh3 53. Kf3 1-0

[Event "Eforie Nord op 3rd"]
[Site "Eforie Nord"]
[Date "2011.06.27"]
[Round "8"]
[White "Petrosian, Suren"]
[Black "Jiroveanu, George"]
[Result "1-0"]
[WhiteElo "2392"]
[BlackElo "2218"]
[PlyCount "94"]
[EventDate "2011.06.20"]
[EventType "swiss"]
[EventRounds "11"]
[EventCountry "ROU"]
[SourceTitle "CBM 143 Extra"]
[Source "ChessBase"]
[SourceDate "2011.08.29"]
[SourceVersion "1"]
[SourceVersionDate "2011.08.29"]
[SourceQuality "1"]

1. c4 e5 2. Nc3 Nc6 3. Nf3 Nf6 4. g3 Bb4 5. Bg2 Bxc3 6. dxc3 Qe7 7. Qc2 0-0 8. 0-0 d6 9. Rd1 e4 10. Ng5 Bf5 11. Be3 h6 12. Nh3 Qe6 13. Nf4 Qxc4 14. b3 Qa6 15. c4 Rfe8 16. h3 Re7 17. a3 b6 18. b4 Ne5 19. Rd4 c5 20. b5 cxd4 21. bxa6 dxe3 22. fxe3 Rc8 23. g4 Bh7 24. Rc1 g5 25. Nh5 Nxh5 26. gxh5 d5 27. Qd2 dxc4 28. Qd6 Re6 29. Qd5 Kg7 30. Qb7 Rc5 31. Qxa7 Ra5 32. Qb7 b5 33. a7 Rea6 34. Qc7 Kf6 35. a8Q Rxa8 36. Qd6+ Kg7 37. Qxe5+ Kg8 38. Qc5 Rxa3 39. Qxb5 Rxe3 40. Qxc4 Rea3 41. Rf1 R8a7 42. Rf6 R3a4 43. Qd5 R4a5 44. Qd8+ Kg7 45. Qd4 Kg8 46. Rd6 Ra8 47. Rd8+ Rxd8 1-0

[Event "Eforie Nord op 3rd"]
[Site "Eforie Nord"]
[Date "2011.06.22"]
[Round "3"]
[White "Petrosian, Suren"]
[Black "Tiviakov, Sergei"]
[Result "1/2-1/2"]
[WhiteElo "2392"]
[BlackElo "2622"]
[PlyCount "48"]
[EventDate "2011.06.20"]
[EventType "swiss"]
[EventRounds "11"]
[EventCountry "ROU"]
[SourceTitle "CBM 143 Extra"]
[Source "ChessBase"]
[SourceDate "2011.08.29"]
[SourceVersion "1"]
[SourceVersionDate "2011.08.29"]
[SourceQuality "1"]

1. c4 e5 2. Nc3 Nf6 3. Nf3 Nc6 4. g3 d5 5. cxd5 Nxd5 6. Bg2 Nb6 7. 0-0 Be7 8. Rb1 Be6 9. b4 e4 10. Nxe4 Bxa2 11. Ra1 Bd5 12. Nc3 Nxb4 13. Nxd5 N6xd5 14. Bb2 0-0 15. d4 c6 16. e4 Nc7 17. Qb3 a5 18. Ne5 Ra6 19. Bh3 Nb5 20. Rfd1 Qa8 21. Rac1 a4 22. Qc4 a3 23. Ba1 a2 24. Nd7 Na3 1/2-1/2

[Event "Eforie Nord op 3rd"]
[Site "Eforie Nord"]
[Date "2011.06.21"]
[Round "2"]
[White "Stegariu, Vlad Ionut"]
[Black "Petrosian, Suren"]
[Result "0-1"]
[WhiteElo "2220"]
[BlackElo "2392"]
[PlyCount "54"]
[EventDate "2011.06.20"]
[EventType "swiss"]
[EventRounds "11"]
[EventCountry "ROU"]
[SourceTitle "CBM 143 Extra"]
[Source "ChessBase"]
[SourceDate "2011.08.29"]
[SourceVersion "1"]
[SourceVersionDate "2011.08.29"]
[SourceQuality "1"]

1. d4 Nf6 2. c4 c5 3. d5 b5 4. cxb5 a6 5. bxa6 g6 6. Nc3 Bxa6 7. Nf3 d6 8. g3 Bg7 9. Bg2 Nbd7 10. Rb1 Nb6 11. 0-0 Bc4 12. Nd2 Bxa2 13. Nxa2 Rxa2 14. Nc4 Nxc4 15. Qb3 Qa8 16. Qxc4 0-0 17. Bd2 Nd7 18. Bc3 Qa4 19. Qd3 Ne5 20. Qe3 Rb8 21. f4 Nc4 22. Qxe7 Re8 23. Qc7 Bxc3 24. bxc3 Rexe2 25. Rb8+ Kg7 26. Bf3 Qc2 27. Qd8 Rg2+ 0-1

[Event "Bargteheide op"]
[Site "Bargteheide"]
[Date "2011.06.03"]
[Round "4"]
[White "Petrosian, Suren"]
[Black "Heinemann, Ernst"]
[Result "1-0"]
[WhiteElo "2392"]
[BlackElo "2194"]
[PlyCount "51"]
[EventDate "2011.06.02"]
[EventType "swiss"]
[EventRounds "7"]
[EventCountry "GER"]
[SourceTitle "CBM 142 Extra"]
[Source "ChessBase"]
[SourceDate "2011.06.27"]
[SourceVersion "1"]
[SourceVersionDate "2011.06.27"]
[SourceQuality "1"]

1. e4 g6 2. d4 c6 3. Nc3 d5 4. h3 Bg7 5. Nf3 dxe4 6. Nxe4 Nh6 7. Bc4 Nf5 8. c3 Nd6 9. Nxd6+ Qxd6 10. 0-0 0-0 11. Re1 Nd7 12. Qe2 b5 13. Bb3 e6 14. Qe4 Nf6 15. Qh4 Bb7 16. Bf4 Qd7 17. Ng5 Rfe8 18. Be5 h6 19. Bxf6 Bxf6 20. Qxh6 Bxg5 21. Qxg5 Kg7 22. Qe5+ f6 23. Bxe6 Qe7 24. Qc5 Qxc5 25. dxc5 Rad8 26. Bg4 1-0

[Event "Hamburg St Pauli op-A"]
[Site "Hamburg"]
[Date "2010.07.11"]
[Round "2"]
[White "Petrosian, Suren"]
[Black "Meschke, Oliver"]
[Result "1-0"]
[WhiteElo "2385"]
[BlackElo "1983"]
[PlyCount "47"]
[EventDate "2010.07.10"]
[EventType "swiss"]
[EventRounds "9"]
[EventCountry "GER"]
[SourceTitle "EXT 2013"]
[Source "ChessBase"]
[SourceDate "2012.11.22"]
[SourceVersion "1"]
[SourceVersionDate "2012.11.22"]
[SourceQuality "1"]

1. e4 d5 2. exd5 Qxd5 3. Nc3 Qd6 4. d4 Nf6 5. Bg5 Bf5 6. Qf3 Qe6+ 7. Nge2 c6 8. 0-0-0 Bg4 9. Qg3 Qf5 10. Bxf6 gxf6 11. Kb1 Na6 12. f3 Bh5 13. Nf4 Nb4 14. Ne4 0-0-0 15. Qh4 Bg6 16. g3 Qa5 17. a3 Nd5 18. Bh3+ Kb8 19. Nxg6 fxg6 20. c4 h5 21. Nc5 Nc7 22. Qe4 f5 23. Qe5 Rh7 24. Nd7+ 1-0

[Event "BL2-Nord 0910"]
[Site "Germany"]
[Date "2010.04.11"]
[Round "9.3"]
[White "Glienke, Manfred"]
[Black "Petrosian, Suren"]
[Result "1/2-1/2"]
[WhiteElo "2254"]
[BlackElo "2388"]
[PlyCount "27"]
[EventDate "2009.10.18"]
[EventType "team-tourn"]
[EventRounds "9"]
[EventCountry "GER"]
[SourceTitle "EXT 2011"]
[Source "ChessBase"]
[SourceDate "2010.11.26"]
[SourceVersion "1"]
[SourceVersionDate "2010.11.26"]
[SourceQuality "1"]
[WhiteTeam "Kreuzberg"]
[BlackTeam "Norderstedt"]
[WhiteTeamCountry "GER"]
[BlackTeamCountry "GER"]

1. d4 Nf6 2. Nf3 g6 3. g3 Bg7 4. Bg2 0-0 5. 0-0 d6 6. c4 c5 7. Nc3 Nc6 8. d5 Na5 9. Nd2 a6 10. Rb1 Bf5 11. e4 Bd7 12. Qc2 b5 13. b3 Rb8 14. h3 1/2-1/2

[Event "BL2-Nord 0910"]
[Site "Germany"]
[Date "2009.12.13"]
[Round "4.2"]
[White "Petrosian, Suren"]
[Black "Zimmermann, Julian"]
[Result "1-0"]
[WhiteElo "2388"]
[BlackElo "2280"]
[PlyCount "107"]
[EventDate "2009.10.18"]
[EventType "team-tourn"]
[EventRounds "9"]
[EventCountry "GER"]
[SourceTitle "EXT 2011"]
[Source "ChessBase"]
[SourceDate "2010.11.26"]
[SourceVersion "1"]
[SourceVersionDate "2010.11.26"]
[SourceQuality "1"]
[WhiteTeam "Norderstedt"]
[BlackTeam "Koenigsspringer"]
[WhiteTeamCountry "GER"]
[BlackTeamCountry "GER"]

1. c4 Nf6 2. Nc3 g6 3. e4 d6 4. d4 Bg7 5. h3 0-0 6. Be3 Nbd7 7. Bd3 c5 8. Nge2 cxd4 9. Nxd4 Nc5 10. Bc2 a5 11. 0-0 Bd7 12. Qd2 Rc8 13. Rfe1 Ne6 14. b3 Nxd4 15. Bxd4 Bc6 16. Rad1 Nd7 17. Be3 Nc5 18. e5 Ne6 19. exd6 exd6 20. Nd5 Bxd5 21. Qxd5 Rc6 22. Be4 Nc5 23. Bf3 Qb6 24. Qd2 Rc7 25. Qxd6 Qxd6 26. Rxd6 Re8 27. Red1 Bf8 28. Rd8 Rc8 29. Rxc8 Rxc8 30. Bd5 Rc7 31. g4 Bg7 32. Kg2 b6 33. Bf3 Bc3 34. Rd6 Nd7 35. Bc6 Nc5 36. Bb5 Rb7 37. f4 Kg7 38. Kf3 h6 39. h4 Bf6 40. g5 hxg5 41. hxg5 Bc3 42. Bc6 Re7 43. Bb5 Rb7 44. a3 Kf8 45. Rxb6 Rc7 46. Bc6 Ne6 47. Ke4 Bb2 48. Bd5 Ng7 49. b4 Nf5 50. Bc5+ Kg7 51. bxa5 Bc3 52. a6 Ne7 53. Rb7 Nxd5 54. Kxd5 1-0

[Event "Werther Schloss op-A 15th"]
[Site "Werther"]
[Date "2009.04.04"]
[Round "5"]
[White "Danin, Alexandre"]
[Black "Petrosian, Suren"]
[Result "1/2-1/2"]
[WhiteElo "2465"]
[BlackElo "2396"]
[PlyCount "166"]
[EventDate "2009.04.02"]
[EventType "swiss"]
[EventRounds "7"]
[EventCountry "GER"]
[SourceTitle "CBM 131 Extra"]
[Source "ChessBase"]
[SourceDate "2009.09.03"]
[SourceVersion "2"]
[SourceVersionDate "2009.09.16"]
[SourceQuality "1"]

1. e4 g6 2. d4 Bg7 3. Nc3 d6 4. Nge2 c6 5. a4 b6 6. g3 a6 7. Bg2 Qc7 8. 0-0 Ra7 9. Be3 Rb7 10. Qd2 b5 11. axb5 axb5 12. h3 Nf6 13. e5 dxe5 14. dxe5 Qxe5 15. Bf4 Qc5 16. Ra8 e5 17. Be3 Qe7 18. Bxc6+ Nxc6 19. Rxc8+ Nd8 20. Bg5 Qd7 21. Qxd7+ Kxd7 22. Rc5 b4 23. Rd1+ Ke6 24. Na4 Rd7 25. Rxe5+ Kxe5 26. Bxf6+ Kxf6 27. Rxd7 Ne6 28. Nb6 Rb8 29. Nd5+ Ke5 30. Ne3 Nd8 31. Nf4 h5 32. Nc4+ Kf6 33. h4 Bf8 34. b3 Kg7 35. Ne5 Kf6 36. Nc4 Kg7 37. Kg2 Kg8 38. Nd3 Bg7 39. Nxb4 Ne6 40. Nc6 Ra8 41. Ra7 Rxa7 42. Nxa7 Nd4 43. Na3 Bf8 44. N7b5 Nc6 45. Nc4 f6 46. Kf3 Bc5 47. c3 g5 48. Nc7 Kf7 49. Nd5 Ke6 50. Nde3 gxh4 51. gxh4 f5 52. Ng2 Be7 53. Nf4+ Kd7 54. Kg3 Bf6 55. Nd5 f4+ 56. Kh3 Bg7 57. Kg2 Ke6 58. Nxf4+ Kf5 59. Nd5 Ke4 60. Nce3 Ne5 61. b4 Nf3 62. c4 Nxh4+ 63. Kh3 Nf3 64. b5 Nd4 65. b6 Nc6 66. b7 Be5 67. Kh4 Na5 68. Kxh5 Nxb7 69. Kg4 Bd4 70. f3+ Kd3 71. f4 Nd6 72. f5 Nxc4 73. Nxc4 Kxc4 74. Nf4 Bb2 75. Kg5 Kb3 76. Kg6 Kc2 77. Kf7 Kd2 78. Ke6 Ke3 79. Nd5+ Ke4 80. Nb4 Bh8 81. Na6 Ba1 82. Nc5+ Kf4 83. Nb3 Bh8 1/2-1/2